Spanish Home and Furniture Vocab - Statistics

General Stats
  • This quiz has been taken 9 times
  • The average score is 4 of 20
Answer Stats
Spanish English % Correct
Escoba Broom
50%
Almohada Pillow
50%
Pared Wall
50%
Cubo de Basura Bin
38%
Techo/Tejado Roof
38%
Despertador Alarm Clock
25%
Sótano Basement
25%
Sábana Bedsheet
25%
Comedor Dining Room
25%
Cajón Drawer
25%
Ladrillo Brick
13%
Grifo Faucet
13%
Percha Hanger
13%
Tendedero Clothesline
0%
Perchero Coat rack
0%
Cortina Cutain
0%
Alero Eaves
0%
Camastro Old bed
0%
Cacerola Saucepan
0%
Mantel Tablecloth
0%
No matching quizzes found
Score Distribution
Percent of People with Each Score
Percentile by Number Answered
Your Score History
You have not taken this quiz